Một số giải pháp quản lý lễ hội dân gian

שמור ב:
מידע ביבליוגרפי
מחבר ראשי: Hoàng, Nam
פורמט: ספר
יצא לאור: Hà Nội Văn hóa dân tộc 2005
נושאים:
תגים: הוספת תג
אין תגיות, היה/י הראשונ/ה לתייג את הרשומה!
Thư viện lưu trữ: Trung tâm Học liệu Lê Vũ Hùng, Trường Đại học Đồng Tháp
LEADER 00688pam a22002178a 4500
001 00037405
005 20171109141105.0
008 170512s2005 ||||||Viesd
041 0 # |a Vie 
082 1 4 |a 398.095 97  |b M458S 
100 1 # |a Hoàng, Nam 
245 1 0 |a Một số giải pháp quản lý lễ hội dân gian  |c Hoàng Nam 
260 # # |a Hà Nội  |b Văn hóa dân tộc  |c 2005 
300 # # |a 143tr  |c 27cm. 
653 # # |a Giải pháp 
653 # # |a Lễ hội 
653 # # |a Quản lý 
653 # # |a Văn hóa 
852 # # |j KM.0023551  |j KD.0022661 
910 |d 12/05/2017 
980 # # |a Trung tâm Học liệu Lê Vũ Hùng, Trường Đại học Đồng Tháp